ARRUPE JESUIT UNIVERSITY

CORONAVIRUS -STOP THE SPREAD - CLEAN,DISINFECT,COVER

From Africa to Brazil : (Record no. 124219)

MARC details
000 -LEADER
fixed length control field 03703cam a2200469 a 4500
001 - CONTROL NUMBER
control field 7982478
003 - CONTROL NUMBER IDENTIFIER
control field ARRUPE
005 - DATE AND TIME OF LATEST TRANSACTION
control field 20160225152203.0
008 - FIXED-LENGTH DATA ELEMENTS--GENERAL INFORMATION
fixed length control field 100618s2010 nyu b 001 0 eng
010 ## - LIBRARY OF CONGRESS CONTROL NUMBER
LC control number 2010025329
020 ## - INTERNATIONAL STANDARD BOOK NUMBER
International Standard Book Number 9780521764094 (hardback)
020 ## - INTERNATIONAL STANDARD BOOK NUMBER
International Standard Book Number 0521764092 (hardback)
020 ## - INTERNATIONAL STANDARD BOOK NUMBER
International Standard Book Number 9780521152389 (pbk. : alk. paper)
020 ## - INTERNATIONAL STANDARD BOOK NUMBER
International Standard Book Number 0521152380 (pbk. : alk. paper)
024 ## - OTHER STANDARD IDENTIFIER
Standard number or code 99939112275
035 ## - SYSTEM CONTROL NUMBER
System control number (OCoLC)635480711
035 ## - SYSTEM CONTROL NUMBER
System control number (OCoLC)ocn635480711
035 ## - SYSTEM CONTROL NUMBER
System control number (NNC)7982478
040 ## - CATALOGING SOURCE
Original cataloging agency DLC
Transcribing agency DLC
Modifying agency BTCTA
-- YDXCP
-- NNC
-- OrLoB-B
042 ## - AUTHENTICATION CODE
Authentication code pcc
043 ## - GEOGRAPHIC AREA CODE
Geographic area code s-bl---
-- f------
-- sa-----
050 00 - LIBRARY OF CONGRESS CALL NUMBER
Classification number HT1129.A426
Item number H39 2010
082 00 - DEWEY DECIMAL CLASSIFICATION NUMBER
Classification number 306.3/6209811
Edition number 22
300 ## - PHYSICAL DESCRIPTION
Other physical details ill., maps ;
Dimensions 23 cm.
100 1# - MAIN ENTRY--PERSONAL NAME
Personal name Hawthorne, Walter.
9 (RLIN) 22462
245 10 - TITLE STATEMENT
Title From Africa to Brazil :
Remainder of title culture, identity, and an Atlantic slave trade, 1600-1830 /
Statement of responsibility, etc Walter Hawthorne.
260 ## - PUBLICATION, DISTRIBUTION, ETC. (IMPRINT)
Place of publication, distribution, etc New York :
Name of publisher, distributor, etc Cambridge University Press,
Date of publication, distribution, etc 2010.
263 ## - PROJECTED PUBLICATION DATE
Projected publication date 1009
300 ## - PHYSICAL DESCRIPTION
Extent xxi, 259 p. :
490 1# - SERIES STATEMENT
Series statement African studies ;
Volume number/sequential designation 113
504 ## - BIBLIOGRAPHY, ETC. NOTE
Bibliography, etc Includes bibliographical references and index.
505 00 - FORMATTED CONTENTS NOTE
Miscellaneous information 1.
Title From Indian to African Slaves --
Miscellaneous information 2.
Title Slave Production --
Miscellaneous information 3.
Title From Upper Guinea to Amazonia --
Miscellaneous information 4.
Title Labor over "Brown" Rice --
Miscellaneous information 5.
Title Violence, Sex, and the Family --
Miscellaneous information 6.
Title Spiritual Beliefs.
520 ## - SUMMARY, ETC.
Summary, etc "From Africa to Brazil traces the flows of enslaved Africans from identifiable points in the broad region of Africa called Upper Guinea to Amazonia, Brazil. These two regions, though separated by an ocean, were made one by a slave route. Walter Hawthorne considers why planters in Amazonia wanted African slaves, why and how those sent to Amazonia were enslaved, and what their Middle Passage experience was like. The book is also concerned with how Africans in diaspora shaped labor regimes, determined the nature of their family lives, and crafted religious beliefs that were similar to those they had known before enslavement. This study makes several broad contributions. It presents the only book-length examination of African slavery in Amazonia and identifies with precision the locations in Africa from where members of a large diaspora in the Americas hailed. From Africa to Brazil also proposes new directions for scholarship focused on how immigrant groups created new or recreated old cultures"--
520 ## - SUMMARY, ETC.
Summary, etc "From Africa to Brazil traces the flows of enslaved Africans from identifiable points in the broad region of Africa called Upper Guinea to Amazonia, Brazil. These two regions, though separated by an ocean, were made one by a slave route. Walter Hawthorne considers why planters in Amazonia wanted African slaves, why and how those sent to Amazonia were enslaved, and what their Middle Passage experience was like. The book is also concerned with how Africans in diaspora shaped labor regimes, determined the nature of their family lives, and crafted religious beliefs that were similar to those they had known before enslavement. This study makes several broad contributions. It presents the only book-length examination of African slavery in Amazonia and identifies with precision the locations in Africa from where members of a large diaspora in the Americas hailed. From Africa to Brazil also proposes new directions for scholarship focused on how immigrant groups created new or recreated old cultures"--
650 #0 - SUBJECT ADDED ENTRY--TOPICAL TERM
Topical term or geographic name as entry element Slaves
Geographic subdivision Amazon River Region
General subdivision History.
9 (RLIN) 22463
650 #0 - SUBJECT ADDED ENTRY--TOPICAL TERM
Topical term or geographic name as entry element Slave trade
Geographic subdivision Africa
General subdivision History.
9 (RLIN) 22464
650 #0 - SUBJECT ADDED ENTRY--TOPICAL TERM
Topical term or geographic name as entry element African diaspora
General subdivision History.
9 (RLIN) 2503
830 #0 - SERIES ADDED ENTRY--UNIFORM TITLE
Uniform title African studies ;
Volume number/sequential designation 113.
9 (RLIN) 22465
900 ## - EQUIVALENCE OR CROSS-REFERENCE-PERSONAL NAME [LOCAL, CANADA]
Numeration TOC
942 ## - ADDED ENTRY ELEMENTS (KOHA)
Source of classification or shelving scheme Library of Congress Classification
Koha item type Monograph ( Printed materials)
948 1# - LOCAL PROCESSING INFORMATION (OCLC); SERIES PART DESIGNATOR (RLIN)
Series part designator, SPT (RLIN) 20101007
b (OCLC) c
c (OCLC) jeb52
d (OCLC) MPS
948 2# - LOCAL PROCESSING INFORMATION (OCLC); SERIES PART DESIGNATOR (RLIN)
Series part designator, SPT (RLIN) 20110811
b (OCLC) a
c (OCLC) dc21
d (OCLC) MPS
Holdings
Withdrawn status Lost status Source of classification or shelving scheme Damaged status Not for loan Collection code Home library Current library Shelving location Date acquired Total Checkouts Full call number Barcode Date last seen Date checked out Price effective from Koha item type
    Library of Congress Classification     Main Collection ARRUPE LIBRARY ARRUPE LIBRARY Main Collection 25/02/2016 3 HT1129.A426H39 2010 46500006759 18/03/2019 05/03/2019 25/02/2016 Monograph ( Printed materials)

 

Arrupe Library. PO Box MP320 Mt Pleasant, Harare, Zimbabwe
263 242 745411|librarian@aju.ac.zw